Practical physical pharmacy : (Record no. 21505)
[ view plain ]
| 000 -LEADER | |
|---|---|
| fixed length control field | 00964nam a22002655a 4500 |
| 005 - DATE AND TIME OF LATEST TRANSACTION | |
| control field | 20201128023704.0 |
| 008 - FIXED-LENGTH DATA ELEMENTS--GENERAL INFORMATION | |
| fixed length control field | 160327r20122001ii a fr 000 0 eng d |
| 020 ## - INTERNATIONAL STANDARD BOOK NUMBER | |
| International Standard Book Number | 9788123907376 |
| 020 ## - INTERNATIONAL STANDARD BOOK NUMBER | |
| International Standard Book Number | 8123907370 |
| 040 ## - CATALOGING SOURCE | |
| Original cataloging agency | EG-ScBUE |
| Language of cataloging | eng |
| Transcribing agency | EG-ScBUE |
| 082 04 - DEWEY DECIMAL CLASSIFICATION NUMBER | |
| Classification number | 615.19 |
| Item number | GAU |
| Edition number | 22 |
| 100 1# - MAIN ENTRY--PERSONAL NAME | |
| Personal name | Gaud, R. S. |
| 9 (RLIN) | 39671 |
| 245 10 - TITLE STATEMENT | |
| Title | Practical physical pharmacy : |
| Remainder of title | as per B.Pharm sysllabus of various universities & education governing bodies / |
| Statement of responsibility, etc | R. S. Gaud, G. D. Gupta. |
| 250 ## - EDITION STATEMENT | |
| Edition statement | 1st ed., Reprinted ed. |
| 260 ## - PUBLICATION, DISTRIBUTION, ETC. (IMPRINT) | |
| Place of publication, distribution, etc | New Delhi : |
| Name of publisher, distributor, etc | CBS Publishers & Distributors Pvt. Ltd., |
| Date of publication, distribution, etc | 2012. |
| 300 ## - PHYSICAL DESCRIPTION | |
| Extent | xiv, 238 p. : |
| Other physical details | ill. ; |
| Dimensions | 24 cm. |
| 500 ## - GENERAL NOTE | |
| General note | Reprint of the 2001 ed. |
| 650 #7 - SUBJECT ADDED ENTRY--TOPICAL TERM | |
| Topical term or geographic name as entry element | Pharmaceutical chemistry. |
| Source of heading or term | BUEsh |
| 9 (RLIN) | 30027 |
| 650 #7 - SUBJECT ADDED ENTRY--TOPICAL TERM | |
| Topical term or geographic name as entry element | Chemistry, Physical and theoretical. |
| Source of heading or term | BUEsh |
| 9 (RLIN) | 2007 |
| 650 #0 - SUBJECT ADDED ENTRY--TOPICAL TERM | |
| Topical term or geographic name as entry element | Pharmaceutical chemistry |
| Form subdivision | Problems, exercises, etc. |
| Source of heading or term | BUEsh |
| 651 ## - SUBJECT ADDED ENTRY--GEOGRAPHIC NAME | |
| Source of heading or term | BUEsh |
| 653 ## - INDEX TERM--UNCONTROLLED | |
| Resource For college | Pharmacy |
| Arrived date list | March2016 |
| 700 1# - ADDED ENTRY--PERSONAL NAME | |
| Personal name | Gupta, G. D. |
| 9 (RLIN) | 39673 |
| 942 ## - ADDED ENTRY ELEMENTS (KOHA) | |
| Source of classification or shelving scheme | Dewey Decimal Classification |
| Withdrawn status | Item status | Source of classification or shelving scheme | Damaged status | Not for loan | Vendor | Home library | Current library | Shelving location | Date acquired | Source of acquisition | Cost, normal purchase price | Serial Enumeration / chronology | Total Checkouts | Total Renewals | Full call number | Barcode | Date last seen | Date last borrowed | Koha item type |
|---|---|---|---|---|---|---|---|---|---|---|---|---|---|---|---|---|---|---|---|
| Dewey Decimal Classification | Scientific home BookShop | Central Library | Central Library | First floor | 27/03/2016 | Purchase | 85.00 | 1 | 1 | 18 | 615.19 GAU | 000032158 | 15/07/2025 | 12/02/2025 | Book - Borrowing |